| 000 | 00671nam a2200217 a 4500 | ||
|---|---|---|---|
| 001 | 5908 | ||
| 003 | CDMR | ||
| 005 | 20130402162021.0 | ||
| 008 | 130220s1996||||||||||||||||||||||||||||d | ||
| 020 | _a8473069218 | ||
| 040 |
_aCDMR _bcat _cCDMR |
||
| 100 | 1 |
_92923 _aArtís-Gener, Avel·lí _d1912-2000 |
|
| 245 | 1 | 0 |
_aViure i veure _cAvel·lí Artís-Gener (Tísner) _b: 4 |
| 260 |
_aBarcelona _bPòrtic _c1996 |
||
| 300 |
_a288 p ; _c16 cm |
||
| 490 | 0 |
_aVides i memòries _v16 |
|
| 500 | _aL'exemplar correspon al 4t volum de l'obra Viure i Veure | ||
| 600 | 1 |
_92923 _aArtís-Gener, Avel·lí _d1912-2000 |
|
| 650 |
_aPeriodistes catalans _vBiografies _94 |
||
| 942 |
_cMON _2udc |
||
| 999 |
_c5908 _d5908 |
||